Statistiques concernant Personnalités nées en Corrèze par images

Cliquez ici pour prendre le quiz!

Statistiques générales

  • Ce quiz a été pris 83 fois
  • Le résultat moyen est 4 sur 12

Statistiques - réponses

Réponse% Correct
Patrick Sébastien
99%
Damian Penaud
61%
Cédric Villani
59%
Laurent Koscielny
53%
Dimitri Yachvili
27%
Alain Roche
16%
Cédric Heymans
16%
Pierre Tornade
15%
Clément VI
5%
Caroline Dublanche
3%
Grégoire XI
3%
René Taulade
0%

Distribution des résultats

Percentile par nombre de réponses

% des personnes avec chaque résultat

Votre développement - résultats

Vous n’avez pas pris ce quiz